| 000 | 00574nam a2200217 a 4500 | ||
|---|---|---|---|
| 001 | BRL_343 | ||
| 005 | 20190320210709.0 | ||
| 008 | 300713s1993----gw-a######---#000-0#ger-# | ||
| 020 | _a3923804733 | ||
| 041 | _ager | ||
| 044 | _agw | ||
| 050 | 4 |
_aN6555 _b.T63 1993 |
|
| 245 | 1 | 0 | _aDer Tod in der Mexikanischen Kultur. |
| 260 |
_aMúnich _bTrickster _c1993 |
||
| 300 |
_a83 p. _bil. (algunas a color) _c27 cm. |
||
| 500 | _aAu331 | ||
| 650 | 1 | 4 |
_aArte mexicano _vExposiciones _923610 |
| 710 | 2 |
_aInstitut für Auslandsbeziehungen _923611 |
|
| 902 | _aGRL | ||
| 942 |
_2lcc _cB |
||
| 999 |
_c9156 _d9156 |
||